| 000 | 00461nam a2200157Ia 4500 | ||
|---|---|---|---|
| 008 | 240126s9999 xx 000 0 und d | ||
| 041 | _aEnglish | ||
| 082 | _aLIBRARY-MBA | ||
| 245 | 0 | _aJournal of contemporary research in management : a quarterly journal of contemporary issues | |
| 260 | _aNandaGopal | ||
| 440 | _aNULL | ||
| 520 | _aExchange Journal | ||
| 650 | _acontemporary,management,contemporary,Management | ||
| 650 | _aManagement | ||
| 942 | _cJN | ||
| 999 |
_c275065 _d275065 |
||